| 000 | 00771nam a2200229 4500 | ||
|---|---|---|---|
| 003 | OSt | ||
| 005 | 20240730074700.0 | ||
| 006 | a | ||
| 008 | 240730b |||||||| |||| 00| 0 eng d | ||
| 020 | _a9781111056582 | ||
| 040 |
_aDWCL-Main lib. _cOC |
||
| 082 |
_2Third International Edition _aCirc. 428.4 S654r 2011 |
||
| 100 | _aSmith, Lorraine C. | ||
| 245 | _aReading for today 4 : concepts for today / | ||
| 250 | _aThird International Edition | ||
| 260 |
_aSingapore : _bHeinle, Cengage Learning, _cc2011. |
||
| 300 |
_axxi, _b249 p. : col. ill. ; _c26 cm. |
||
| 504 | _aIncludes index. | ||
| 650 | _a1. English language-Textbooks for foreign speakers. | ||
| 650 | _a2. Reading( Adult education). | ||
| 942 |
_2ddc _n0 _cBK-CIRC _eThird International Edition _kCirc. |
||
| 999 |
_c2983 _d2983 |
||